000 00686nam a2200229Ia 4500
003 OSt
005 20220926001200.0
006 a|||||r|||| 00| 0
007 ta
008 220923b |||||||| |||| 00| 0 eng d
037 _cGeneral Book
040 _aRTL
_cRTL
_beng
041 _2eng
_aeng
082 _aX71:8F.2.N72<N71r, L2/GD
110 _aINDIA, LOK SABHA
_998267
245 0 _aPublic accounts committee (9171-72)
_b Fourty-fifth report.
260 _a New Delhi
_bLok Sabha secretariat
_c1972
300 _av,183p.
_ccm.
700 _aINDIA, LOK SABHA
_998268
942 _hX71:8F.2.N72<N71r, L2/GD
_cGB
_2CC
999 _c600820
_d600820